| 000 | 00689nam a2200229Ia 4500 | ||
|---|---|---|---|
| 005 | 20220615104221.0 | ||
| 008 | 210716s2005 xx 000 0 und d | ||
| 020 | _a8174464507 | ||
| 040 | _cAIMIT LIBRARY | ||
| 041 | _aeng | ||
| 082 |
_a511.2 _22 _bBHAR |
||
| 100 |
_aBhardwaj, R S. _942517 |
||
| 245 |
_aMathematics for economics and business / _cBy R S Bhardwaj. |
||
| 250 | _a2nd ed. | ||
| 260 |
_aNew Delhi ; _bExcel Books , _c2005. |
||
| 300 |
_aix,10.42,A.20p. ; _bPB _c25 cm. |
||
| 650 |
_aMatrix algebra _942518 |
||
| 650 |
_aMaxima and minima _942519 |
||
| 650 |
_aMathematics of finance _942520 |
||
| 650 |
_aLinear programming _942521 |
||
| 942 |
_2ddc _cBK _e2nd _k511.2 BHAR |
||
| 999 |
_c201273 _d201273 |
||